000
00243nam a22001097a 4500
041
_a
ENG
245
_a
Bhumigat Jalvikas Vyavashtank Sthapan Tatha Rakh Rakhaw
260
_a
Delhi
_b
ICER
_c
1995
300
_a
28
650
_a
GAE
856
_u
GAE
999
_c
2624
_d
2624